Contribution of Geology of Pakistan / (Record no. 617002)

000 -LEADER
fixed length control field 00611nam a22001697a 4500
003 - CONTROL NUMBER IDENTIFIER
control field NUST
005 - DATE AND TIME OF LATEST TRANSACTION
control field 20260413145009.0
008 - FIXED-LENGTH DATA ELEMENTS--GENERAL INFORMATION
fixed length control field 260413b ||||| |||| 00| 0 eng d
020 ## - INTERNATIONAL STANDARD BOOK NUMBER
International Standard Book Number 978-9699111006
082 ## - DEWEY DECIMAL CLASSIFICATION NUMBER
Classification number 551.09
Author Mark PAK
100 ## - MAIN ENTRY--PERSONAL NAME
Personal name Muhammad Arshad, Syed Shahid Hussain, Hamid Dawood.
9 (RLIN) 134072
245 ## - TITLE STATEMENT
Title Contribution of Geology of Pakistan /
Remainder of title Proceeding of 5th Pakistan Geological Congress 2004 /
Statement of responsibility, etc. Muhammad Arshad, Syed Shahid Hussain, Hamid Dawood.
260 ## - PUBLICATION, DISTRIBUTION, ETC.
Place of publication, distribution, etc. Pakistan:
Name of publisher, distributor, etc. National Geological Society of Pakistan,
Date of publication, distribution, etc. 2007.
300 ## - PHYSICAL DESCRIPTION
Extent 324 p ;
Dimensions 28.1 cm
563 ## - BINDING INFORMATION
Binding note Hardcover
942 ## - ADDED ENTRY ELEMENTS (KOHA)
Source of classification or shelving scheme
Koha item type Book
Holdings
Withdrawn status Lost status Source of classification or shelving scheme Damaged status Not for loan Permanent Location Current Location Date acquired Total Checkouts Full call number Barcode Date last seen Price effective from Koha item type
          Institute of Geographical Information Systems (IGIS) Institute of Geographical Information Systems (IGIS) 04/13/2026   551.09 PAK IGIS-704 04/13/2026 04/13/2026 Book
© 2023 Central Library, National University of Sciences and Technology. All Rights Reserved.